书目信息 |
| 题名: |
世界历史
|
|
| 作者: | 中小学通用教材历史编写组 编 | |
| 分册: | 上册 | |
| 出版信息: | 北京 人民教育出版社 1978 |
|
| 页数: | 189页 | |
| 开本: | 20cm | |
| 丛书名: | ||
| 单 册: | ||
| 中图分类: | G634.52 | |
| 科图分类: | ||
| 主题词: | 教育--各级 | |
| 电子资源: | ||
| ISBN: | ||
| 000 | 00674nam0 2200205 450 | |
| 001 | 0664032718 | |
| 005 | 20060815174834.64 | |
| 010 | @dCNY0.36 | |
| 100 | @a20060815d1978 km y0chiy0120 ea | |
| 101 | 0 | @achi |
| 102 | @aCN@b110000 | |
| 200 | 1 | @a世界历史@h上册@Ashi jie li shi@f中小学通用教材历史编写组编@Fzhong xiao xue tong yong jiao cai li shi bian xie zu bian |
| 210 | @a北京@c人民教育出版社@d1978 | |
| 215 | @a189页@d20cm | |
| 300 | @a全日制十年制学校高中课本 | |
| 606 | 0 | @a教育@x各级 |
| 690 | @aG634.52@v3 | |
| 701 | 0 | @a中小学通用教材历史编写组@Azhong xiao xue tong yong jiao cai li shi bian xie zu@4编 |
| 801 | 0 | @aCN@bPFT@c20060815 |
| 905 | @a10447@dG634.52@e310:1 | |
| 世界历史.上册/中小学通用教材历史编写组编.-北京:人民教育出版社,1978 |
| 189页;20cm |
| 全日制十年制学校高中课本 |
| ISBN :CNY0.36 |
| ● |
| 相关链接 |
|
|
|
|
正题名:世界历史
索取号:G634.52/310:1
 
预约/预借
| 序号 | 登录号 | 条形码 | 馆藏地/架位号 | 状态 | 备注 |
| 1 | 0460525 | 204605258 | 第一样本阅览室/ [索取号:G634.52/310:1] | 在馆 |